Diccionario Nauta de Biografías: Historia, arte, literatura, filosofía, ciencia y medicina, deportes, espectáculos, economía, política, música, religión

Na minha lista:
Detalhes bibliográficos
Autor principal: Barnat, J (Author)
Formato: Livro
Idioma:espanhol
Publicado em: Bogotá Nauta 1998
Edição:1a. ed
Assuntos:
Tags: Adicionar Tag
Sem tags, seja o primeiro a adicionar uma tag!

MARC

LEADER 00000nam a2200000 a 4500
001 UCH5449
003 CL-VaPUC
008 091014e19980000CK |||||||||||||||||spa|d
020 |a 8489140456 
082 0 4 |a 920  |b BAR  |2 21 
100 0 |a Barnat, J  |e author  |9 541732 
245 1 0 |a Diccionario Nauta de Biografías: Historia, arte, literatura, filosofía, ciencia y medicina, deportes, espectáculos, economía, política, música, religión 
250 |a 1a. ed 
300 |a 1 v 
942 |c BK 
945 |d 20091014 00:00:00  |a ccalabra 
260 |a Bogotá  |b Nauta  |c 1998 
650 0 |a Educación  |9 258661 
650 0 |a Diccionarios  |9 256200 
650 0 |a Biografías  |9 255210 
583 |a last modification  |c 20091014 00:00:00  |k Rodrigo Vera 
999 |c 336586  |d 336584